Properties of oxide and nitride ceramics after ion-heat modification; Nuclear Instruments and Methods in Physics Research Section B: Beam Interactions with Materials and Atoms; Vol. 166-167
| Parent link: | Nuclear Instruments and Methods in Physics Research Section B: Beam Interactions with Materials and Atoms Vol. 166-167.— 2000.— [P. 92-97] |
|---|---|
| Weitere Verfasser: | , , , |
| Zusammenfassung: | Title screen The parameters of the induced and biographical defects and their complexes in nitride ceramics, in single and in polycrystalline aluminium oxide after ion irradiation and following thermal annealing are studied. An influence of the defects on the charge transport and recombination process and on the optical absorption and photoconduction is determined. General characteristics of defect formation in dielectrics having a different structure and band gap width were established. The localized states of defects are combined into a subband within the band gap as a result of the accumulation and interaction of the induced defects. The charge transport occurs by hopping mechanism within the donor subband and in part by activation mechanism. The largest change of conduction and optical properties is accompanied with Fermi level shift to the conduction band. Режим доступа: по договору с организацией-держателем ресурса |
| Sprache: | Englisch |
| Veröffentlicht: |
2000
|
| Schlagworte: | |
| Online-Zugang: | https://doi.org/10.1016/S0168-583X(99)01217-3 |
| Format: | Elektronisch Buchkapitel |
| KOHA link: | https://koha.lib.tpu.ru/cgi-bin/koha/opac-detail.pl?biblionumber=637348 |
MARC
| LEADER | 00000nla0a2200000 4500 | ||
|---|---|---|---|
| 001 | 637348 | ||
| 005 | 20250418092938.0 | ||
| 035 | |a (RuTPU)RU\TPU\network\1449 | ||
| 035 | |a RU\TPU\network\272 | ||
| 090 | |a 637348 | ||
| 100 | |a 20140827d2000 k||y0rusy50 ba | ||
| 101 | 0 | |a eng | |
| 102 | |a NL | ||
| 135 | |a drcn ---uucaa | ||
| 181 | 0 | |a i | |
| 182 | 0 | |a b | |
| 200 | 1 | |a Properties of oxide and nitride ceramics after ion-heat modification |f A. V. Kabyshev, F. V. Konusov, A. G. Kurakov, V. V. Lopatin | |
| 203 | |a Text |c electronic | ||
| 300 | |a Title screen | ||
| 330 | |a The parameters of the induced and biographical defects and their complexes in nitride ceramics, in single and in polycrystalline aluminium oxide after ion irradiation and following thermal annealing are studied. An influence of the defects on the charge transport and recombination process and on the optical absorption and photoconduction is determined. General characteristics of defect formation in dielectrics having a different structure and band gap width were established. The localized states of defects are combined into a subband within the band gap as a result of the accumulation and interaction of the induced defects. The charge transport occurs by hopping mechanism within the donor subband and in part by activation mechanism. The largest change of conduction and optical properties is accompanied with Fermi level shift to the conduction band. | ||
| 333 | |a Режим доступа: по договору с организацией-держателем ресурса | ||
| 461 | |t Nuclear Instruments and Methods in Physics Research Section B: Beam Interactions with Materials and Atoms | ||
| 463 | |t Vol. 166-167 |v [P. 92-97] |d 2000 | ||
| 610 | 1 | |a электронный ресурс | |
| 610 | 1 | |a труды учёных ТПУ | |
| 610 | 1 | |a теплопроводность | |
| 610 | 1 | |a поглощение | |
| 701 | 1 | |a Kabyshev |b A. V. |c specialist in the field of electric power engineering |c Professor of Tomsk Polytechnic University, Doctor of physical and mathematical sciences |f 1958- |g Alexander Vasilievich |3 (RuTPU)RU\TPU\pers\32572 | |
| 701 | 1 | |a Konusov |b F. V. |c physicist |c Lead Engineer of Tomsk Polytechnic University, Candidate of physical and mathematical sciences |f 1958- |g Fedor Valerievich |3 (RuTPU)RU\TPU\pers\32570 |9 16491 | |
| 701 | 1 | |a Kurakov |b A. G. |c specialist in the field of electric power engineering |c The Head of the Laboratory of Tomsk Polytechnic University, engineer |f 1968- |g Andrey Grigorievich |3 (RuTPU)RU\TPU\pers\32573 | |
| 701 | 1 | |a Lopatin |b V. V. |c Doctor of physical and mathematical sciences |c Professor of Tomsk Polytechnic University (TPU) |f 1947- |g Vladimir Vasilyevich |3 (RuTPU)RU\TPU\pers\30091 | |
| 801 | 2 | |a RU |b 63413507 |c 20210331 |g RCR | |
| 850 | |a 63413507 | ||
| 856 | 4 | |u https://doi.org/10.1016/S0168-583X(99)01217-3 | |
| 942 | |c CF | ||